000 00450nam a22001937a 4500
003 koha_MIRAKIL
005 20231213095411.0
008 231213b |||||||| |||| 00| 0 ||| d
020 _b9-75403150-9
040 _aTR-IsEVY
_btur
_cTR-IsEVY
082 _a530 OXL/M
100 _aOxlade, Chris.
245 0 _aMikroskop
260 _bTÜBİTAK,
_c2007
300 _a48 s.
650 _aMicroscopes.
650 _aMikroskoplar.
942 _2ddc
_cBK
999 _c2983
_d2983